Statistiques concernant Défaites militaires Françaises par dates

Cliquez ici pour prendre le quiz!

Statistiques générales

  • Ce quiz a été pris 150 fois
  • Le résultat moyen est 8 sur 12

Statistiques - réponses

BataillesAnnée% Correct
Waterloo1815
94%
Dunkerque1940
90%
Chemin des Dames1917
88%
Siège d'Alésia-52
84%
Sedan1870
83%
Trafalgar (navale)1805
81%
Dien Bien Phû1953
81%
Azincourt1415
45%
Aboukir (navale)1798
45%
Pavie1525
30%
Crécy1346
26%
Ronceveaux778
19%

Distribution des résultats

Percentile par nombre de réponses

% des personnes avec chaque résultat

Votre développement - résultats

Vous n’avez pas pris ce quiz